Applied sedimentology
Saved in:
| Main Author: | |
|---|---|
| Format: | Book |
| Language: | English |
| Published: |
London :
Academic Press,
1976
|
| Subjects: | |
| Tags: |
Add Tag
No Tags, Be the first to tag this record!
|
MARC
| LEADER | 00000nam a2200000 i 4500 | ||
|---|---|---|---|
| 001 | 1/101031 | ||
| 008 | 951009s1994 eng d | ||
| 020 | |a 0-12-636366-8 | ||
| 035 | |l 10011935 | ||
| 040 | |a GR-MY-UA |b gre |e aacr | ||
| 041 | 0 | |a eng | |
| 082 | 0 | |a 552.5 | |
| 100 | 1 | |a Selley, Richard C. |d 1939- | |
| 245 | 1 | 0 | |a Applied sedimentology / |c Richard C. Selley |
| 260 | |a London : |b Academic Press, |c 1976 | ||
| 300 | |a 446 p. | ||
| 504 | |a Includes bibliographical references and index | ||
| 650 | 0 | 0 | |a Sedimentology. |
| 852 | |a INST |b LESVOS |e 19951009 |h 552.5 SEL |p 005100009558 |q 005100009558 |t BK |y 0 | ||
| 901 | |a BIBL-1998-2 | ||
| 909 | |a Λ |b 041906 | ||
| 922 | |a 1ΕΛΗ |b 199505 |c ΑΓΓΕΛΙΔΗΣ | ||
| 950 | |a 148-1995-02-23 | ||